Estatísticas para Cultura Geral

Clique aqui para jogar o quiz

Estatísticas Gerais

  • Esse quiz foi jogado 51 vezes
  • A pontuação média é 9 de 15

Estatísticas das Respostas

HintResposta% Correto
Que nome damos á incapacidade de dormir?Insónia
95%
Em que país podemos encontrar a cidade de Nottingham?Reino Unido
93%
Que árvore dá a pêra?Pereira
89%
De que país Jägermeister é uma bebida típica?Alemanha
86%
De que país o sake é uma bebida típica?Japão
82%
Que bairro de Nova Iorque começa com a letra M e acaba na letra N?Manhattan
70%
De que país Sherry é uma bebida típica?Espanha
59%
De que país Bourbon é uma bebida típica?Estados Unidos
59%
De que país Grappa é uma bebida típica?Itália
50%
Qual é a segunda maior cidade da Austrália?Melbourne
48%
Em que país podemos encontrar a cidade de Corfu?Grécia
45%
De que país o ouzo é uma bebida típica?Grécia
45%
De que país Pisco é uma bebida típica?Peru
43%
De que país o Bloody Caesar uma bebida típica?Canadá
39%
De que país o pilsner é uma bebida típica?República Checa
27%

Distribuição das Pontuações

Percentil de Números Respondidos

Porcentagem de Pessoas com Cada Pontuação

Sua Pontuação Histórica

Você não jogou esse quiz